000 00486nam a2200181Ia 4500
008 100920s9999 xx 000 0 und d
082 _b48410
_a24 थ 84
100 _aसाधले आनंद.
245 _aहाक.
260 _bप्रिया प्रकाशन,मुंबई 4.
_c1984
300 _a194
_bसाधी
365 _b39
520 _aसायो.
630 _aहाक.
650 _aसायो.
730 _aहाक.
942 _cBOOK
999 _c695387
_d695384